Administrative aspects of an approach to the fifth five-year plan (sixteeth annual conference of members of the IIPA, October 29, 1972) (Record no. 502160)

000 -LEADER
fixed length control field 00493cam a22001217a 4500
008 - FIXED-LENGTH DATA ELEMENTS--GENERAL INFORMATION
fixed length control field 180718b1972 xxu||||| |||| 00| 0 eng d
082 ## - DEWEY DECIMAL CLASSIFICATION NUMBER
Classification number T000x54 In2/16-73
245 ## - TITLE STATEMENT
Title Administrative aspects of an approach to the fifth five-year plan (sixteeth annual conference of members of the IIPA, October 29, 1972)
260 ## - PUBLICATION, DISTRIBUTION, ETC.
Place of publication, distribution, etc. New Delhi
Name of publisher, distributor, etc. Indian Insititute of Public Administration
Date of publication, distribution, etc. 1972
300 ## - PHYSICAL DESCRIPTION
Extent 16p.
650 ## - SUBJECT ADDED ENTRY--TOPICAL TERM
Topical term or geographic name entry element Economic planning - India
700 ## - ADDED ENTRY--PERSONAL NAME
Personal name Indian Insititute of Public Administration
Holdings
Withdrawn status Lost status Damaged status Not for loan Permanent Location Current Location Date acquired Full call number Barcode Date last seen Price effective from Koha item type
        Indian Institute of Public Administration Indian Institute of Public Administration 2018-08-04 T000x54 In2/16-73 GR11197 2018-08-04 2018-08-04 GR
        Indian Institute of Public Administration Indian Institute of Public Administration 2018-08-04 T000x54 In2/16-73 GR9014 2018-08-04 2018-08-04 GR
        Indian Institute of Public Administration Indian Institute of Public Administration 2018-08-04 T000x54 In2/16-73 GR9013 2018-08-04 2018-08-04 GR

Powered by Koha